El diablo de los números: un libro para todos aquellos que temen a las matemáticas
Gardado en:
| Autor Principal: | |
|---|---|
| Formato: | Libro |
| Idioma: | Lingua castelá |
| Publicado: |
Madrid
Siruela
1998
|
| Edición: | 4a. ed |
| Subjects: | |
| Tags: |
Engadir etiqueta
Sen Etiquetas, Sexa o primeiro en etiquetar este rexistro!
|
MARC
| LEADER | 00000nam a2200000 a 4500 | ||
|---|---|---|---|
| 001 | UCQ7288 | ||
| 003 | CL-VaPUC | ||
| 008 | 981107e19980000SP |||||||||||||||||spa|d | ||
| 082 | 0 | 4 | |a 372.7 |b ENZ |2 21 |
| 100 | 0 | |a Enzensberger, Hans Magnus |e author |9 421156 | |
| 245 | 1 | 3 | |a El diablo de los números: un libro para todos aquellos que temen a las matemáticas |
| 250 | |a 4a. ed | ||
| 300 | |a 259 p | ||
| 942 | |c BK | ||
| 945 | |d 19981107 00:00:00 |a aarredon | ||
| 260 | |a Madrid |b Siruela |c 1998 | ||
| 650 | 0 | |a Matemática |9 260235 | |
| 650 | 0 | |a Números |9 265328 | |
| 650 | 7 | |a AXIOMAS MATEMATICOS |2 CL-VaPUC |9 390767 | |
| 650 | 7 | |a OPERACIONES MATEMATICAS |2 CL-VaPUC |9 419978 | |
| 650 | 0 | |a Métodos de enseñanza |9 270413 | |
| 650 | 0 | |a Matemáticas |x Enseñanza |9 875527 | |
| 583 | |a last modification |c 19981107 00:00:00 |k Rodrigo Vera | ||
| 999 | |c 277005 |d 277003 | ||